Les pays les plus pauvres au monde - Statistiques

Statistiques générales
  • Ce quiz a été pris 134 fois
  • Le résultat moyen est 4 sur 10
Statistiques - réponses
Continent PIB Pays % Correct
1 Afrique 455$ Soudan du sud
63%
4 Afrique 1552$ République démocratique du Congo
61%
2 Afrique 916$ Burundi
55%
6 Afrique 1675$ Niger
54%
7 Afrique 1712$ Malawi
41%
3 Afrique 1123$ République centrafricaine
40%
9 Afrique 1979$ Madagascar
28%
5 Afrique 1649$ Mozambique
27%
8 Afrique 1882$ Liberia
26%
10 Asie 1996$ Yemen
20%
Aucun quiz correspondant
Distribution des résultats
% des personnes avec chaque résultat
Percentile par nombre de réponses
Votre historique - résultats
Vous n’avez pas pris ce quiz